书目信息 |
| 题名: |
工业通信业信息化常用法律法规汇编
|
|
| 作者: | ;工业和信息化部产业政策与法规司 编 | |
| 分册: | 中 | |
| 出版信息: | 北京 中国法制出版社 2020 |
|
| 页数: | 643-1114页 | |
| 开本: | 24cm | |
| 丛书名: | ||
| 单 册: | ||
| 中图分类: | D922.292.9 , D922.89 , D922.29 | |
| 科图分类: | ||
| 主题词: | 工业法--中国--汇编 , 电信--法规--中国--汇编 , 信息管理--法规--中国--汇编 | |
| 电子资源: | ||
| ISBN: | 978-7-5216-1008-6 | |
| 000 | 01323nam0 2200265 450 | |
| 001 | 2261084963 | |
| 005 | 20220927165846.14 | |
| 010 | @a978-7-5216-1008-6@dCNY99.00, CNY298.00 (全3册) | |
| 100 | @a20200617d2020 em y0chiy50 ea | |
| 101 | 0 | @achi |
| 102 | @aCN@b110000 | |
| 105 | @ay z 000yy | |
| 200 | 1 | @a工业通信业信息化常用法律法规汇编@9gong ye tong xin ye xin xi hua chang yong fa lu fa gui hui bian@h中@f工业和信息化部产业政策与法规司编 |
| 210 | @a北京@c中国法制出版社@d2020 | |
| 215 | @a643-1114页@d24cm | |
| 330 | @a《工业通信业信息化常用法律法规汇编》一书为法规汇编类图书,作者为工业和信息化部产业政策与法规司。本书共收集了1982年9月20日以来至今的工业通信业信息化常用法律、行政法规、部门规章(其中包括工业类规章、通信和信息化类规章)以及司法解释,分为上下册。本书收录的相关法律法规包括:《中华人民共和国宪法》《中华人民共和国水污染防治法》《中华人民共和国资源税法》《中华人民共和国人类遗传资源管理条例》《中华人民共和国外商投资法实施条例》等等。 | |
| 606 | 0 | @a工业法@y中国@j汇编 |
| 606 | 0 | @a电信@x法规@y中国@j汇编 |
| 606 | 0 | @a信息管理@x法规@y中国@j汇编 |
| 690 | @aD922.292.9@v5 | |
| 690 | @aD922.89@v5 | |
| 690 | @aD922.29@v4 | |
| 711 | 02 | @a工业和信息化部产业政策与法规司@9gong ye he xin xi hua bu chan ye zheng ce yu fa gui si@4编 |
| 801 | 0 | @aCN@b91MARC@c20200714 |
| 905 | @aZUCC@dD922.29@e179:2 | |
| 工业通信业信息化常用法律法规汇编.中/工业和信息化部产业政策与法规司编.-北京:中国法制出版社,2020 |
| 643-1114页;24cm |
| ISBN 978-7-5216-1008-6:CNY99.00, CNY298.00 (全3册) |
| 《工业通信业信息化常用法律法规汇编》一书为法规汇编类图书,作者为工业和信息化部产业政策与法规司。本书共收集了1982年9月20日以来至今的工业通信业信息化常用法律、行政法规、部门规章(其中包括工业类规章、通信和信息化类规章)以及司法解释,分为上下册。本书收录的相关法律法规包括:《中华人民共和国宪法》《中华人民共和国水污染防治法》《中华人民共和国资源税法》《中华人民共和国人类遗传资源管理条例》《中华人民共和国外商投资法实施条例》等等。 |
| ● |
| 相关链接 |
|
|
|
正题名:工业通信业信息化常用法律法规汇编
索取号:D922.29/179:2
 
预约/预借
| 序号 | 登录号 | 条形码 | 馆藏地/架位号 | 状态 | 备注 |
| 1 | 2000903086 | 2000903086 | 第三书库/ [索取号:D922.29/179:2] | 在馆 | |
| 2 | 2000903087 | 2000903087 | 第三书库/ [索取号:D922.29/179:2] | 在馆 | |
| 3 | 2000903088 | 2000903088 | 第三书库/ [索取号:D922.29/179:2] | 在馆 |